000 00319 a2200157 4500
001 160545
020 _a
040 _cMagnum
100 _aCampos, Clarimundo F.
240 1 0 _aA heroina do soco so
_lpor
245 1 0 _aA heroina do soco so
362 0 _a1899
440 1 _aLĂȘ
697 _aIJ/GERAL
942 _cBK
999 _c160545
_d160545